| 000 | 00464nam a2200169 i 4500 | ||
|---|---|---|---|
| 001 | 60393 | ||
| 003 | ES-MaACL | ||
| 005 | 20230906164226.0 | ||
| 007 | t| | ||
| 008 | 031104s1961 sp ||||1| spa d | ||
| 245 | 0 | 0 |
_aEscritores de Indias / _cselección y notas por Manuel Ballesteros. |
| 250 | _a3ª ed. | ||
| 260 |
_aZaragoza : _bEbro, _c1961. |
||
| 300 |
_a2 v. ; _c17 cm. |
||
| 700 | 1 |
_aBallesteros, Manuel. _925039 |
|
| 852 |
_aES-MaACL _jC-20857-8 _bR.49445 |
||
| 999 |
_c60393 _d60393 |
||